000 00372nam a2200169Ia 4500
001 9441
003 IN-NITTTR
005 20251114233047.0
008 251113s9999||||xx |||||||||||||| ||eng||
040 _beng
040 _cIN-NITTTR
041 _aeng
082 _a671.53 T722M
100 _aTrent, E. M.
245 0 _aMetal cutting. /
_cTrent, E. M.
942 _2ddc
_cBK
999 _c12078
_d12078